| 000 | 01377cam a22003131 4500 | ||
|---|---|---|---|
| 001 | gs 06001133 | ||
| 003 | DLC | ||
| 005 | 20260227111304.0 | ||
| 008 | 780920s1906 dcuabf b f000 0 eng c | ||
| 010 | _ags 06001133 | ||
| 035 | _a(OCoLC)4237637 | ||
| 040 |
_aLibrary, U.S. Geol. Survey _cTxU _dDLC |
||
| 042 | _apremarc | ||
| 050 | 0 | 0 |
_aQE75 _b.B9 no. 289 |
| 051 |
_aTN805.A7 _bM3 _cCopy 2. |
||
| 100 | 1 |
_aMartin, George Curtis, _d1875-1943. |
|
| 245 | 1 | 2 |
_aA reconnaissance of the Matanuska coal field, Alaska, in 1905, _cby G.C. Martin. |
| 260 |
_aWashington, _bGovt. Print. Off., _c1906. |
||
| 300 |
_a36, xi p. _billus., V fold. pl. (incl. maps) _c24 cm. |
||
| 490 | 0 |
_aU.S. Geological Survey. Bulletin _vno. 289 |
|
| 500 | _aSubject series: A, Economic geology, 78; B, Descriptive geology, 97. | ||
| 500 | _aOne map in pocket. | ||
| 500 | _aIssued also as House doc., no. 837, 59th Cong., 1st sess. | ||
| 500 | _a"An abstract of this report has already been published under the title, Preliminary statement on the Matanuska coal field: Bull. U.S. Geol. survey no. 284, 1906." | ||
| 504 | _a"List of papers, by members of the United States Geological Survey, on coal, lignite, and petroleum of Alaska": p. 33-34. | ||
| 504 | _a"Geological survey publications on Alaska": p. vii-xi. | ||
| 650 | 0 |
_aGeology _zAlaska. |
|
| 650 | 0 |
_aCoal mines and mining _zAlaska. |
|
| 999 |
_c24507 _d24507 |
||